| 000 | 00843pam a2200265 a 4500 | ||
|---|---|---|---|
| 999 |
_c1978 _d1978 |
||
| 001 | 1197695 | ||
| 003 | OSt | ||
| 005 | 20180922105655.0 | ||
| 008 | 980319s1998 cau 000 0 eng | ||
| 010 | _a 98016875 | ||
| 020 | _a0830723609 (trade) | ||
| 040 |
_aDLC _cDLC _dDLC |
||
| 050 | 0 | 0 |
_aBV4813 _b.T68 1998 |
| 082 | 0 | 0 |
_a248.34 _221 _bT747B |
| 100 | 1 | _aTowns, Elmer L. | |
| 245 | 1 | 0 |
_aBiblical meditation for spiritual breakthrough / _cElmer Towns. |
| 260 |
_aVentura, Calif. : _bRegal, _cc1998. |
||
| 300 |
_a298 p. ; _c22 cm. |
||
| 630 | 0 | 0 |
_aBible _xMeditations. |
| 650 | 0 |
_aMeditation _xChristianity. |
|
| 650 | 0 |
_aSpiritual life _xChristianity. |
|
| 906 |
_a7 _bcbc _corignew _d1 _eocip _f19 _gy-gencatlg |
||
| 942 |
_2ddc _cBK |
||